Case Studies of Existing Human Tissue Repositories (Record no. 351835)
[ view plain ]
| 000 -LEADER | |
|---|---|
| fixed length control field | 00733nam a2200133Ia 4500 |
| 008 - FIXED-LENGTH DATA ELEMENTS--GENERAL INFORMATION | |
| fixed length control field | 171212s9999 xx 000 0 und d |
| 020 ## - INTERNATIONAL STANDARD BOOK NUMBER | |
| International Standard Book Number | 9780833035271 |
| 100 ## - MAIN ENTRY--PERSONAL NAME | |
| Personal name | Eiseman, Elisa;Bloom, Gabrielle;Brower, Jennifer;Clancy, Noreen;Olmsted, Stuart S. |
| 245 ## - TITLE STATEMENT | |
| Statement of responsibility, etc | Eiseman, Elisa;Bloom, Gabrielle;Brower, Jennifer;Clancy, Noreen;Olmsted, Stuart S. |
| Title | Case Studies of Existing Human Tissue Repositories |
| Remainder of title | "Best Practices" for a Biospecimen Resource for the Genomic and Proteomic Era |
| 260 ## - PUBLICATION, DISTRIBUTION, ETC. (IMPRINT) | |
| Name of publisher, distributor, etc | RAND Corporation |
| Date of publication, distribution, etc | 2003 |
| 650 ## - SUBJECT ADDED ENTRY--TOPICAL TERM | |
| Topical term or geographic name as entry element | Health Sciences |
| 650 ## - SUBJECT ADDED ENTRY--TOPICAL TERM | |
| Topical term or geographic name as entry element | Tissue banks -- case studies; Preservation of organs, tissues, etc -- Case studies; Cadaver homografts -- Case studies |
| 856 ## - ELECTRONIC LOCATION AND ACCESS | |
| Uniform Resource Identifier | <a href="www.jstor.org/stable/10.7249/mg120ndc-nci">www.jstor.org/stable/10.7249/mg120ndc-nci</a> |
| Withdrawn status | Lost status | Damaged status | Home library | Current library | Date acquired | Total Checkouts | Full call number | Date last seen | Price effective from | Koha item type |
|---|---|---|---|---|---|---|---|---|---|---|
| College Library | College Library | 12/12/2017 | QS 523 C337 2004 | 12/12/2017 | 12/12/2017 | Curriculum - Based eBooks |